00266nam a2200097 a 450000500170000000800410001705000220005824500420008026000320012265000140015420140414093847.0110304s19uu xx 00 eng d aCDR 543bF96 2004 aFundamentals of Analytical Chemistry. aNew York :bThomson,c2004. aChemistry